000 00384 a2200133 4500
001 87624
082 _aPR 05
090 _c41077
_d41077
100 _aKamran Safdar, Plt Off 15238 69 (B) EC
245 _aUpgradation of high resolution display board (HRDB)
260 _aRisalpur
_bCAE PAF Academy Risalpur
_c2010
300 _axii, 75p.
_eAtiq Ur Rehman
500 _aBE Project Reports
942 _aCAE NUST
_kPR 05
999 _c322697
_d322697